000 00709nam a2200253Ia 4500
001 Para_529
003 CHAP
008 220125s1957 xx 000 0 und d
010 _a199284
040 _cCHAP
090 _aPA FOLLETO 3312
100 _aThomas, J.B.
_9164578
245 _aThe use of larval anatomy in the study of bark beetles (Coleoptera :
_b Scolytidae) /
_c by J.B. Thomas
260 _aOntario, Canada :
_b The canadian entomologist
300 _a45 p.
650 _aEscarabajos
_937465
901 _aPA FOLLETO 3312
902 _aA
905 _a0000001957 a 0000000000 00
910 _a1957
942 _cPARA
942 _cPARA
_d1
999 _c199284
_d199284